Statistics for Add A Letter - Make a Country

Click here to take the quiz!

General Stats

  • This quiz has been taken 48,765 times
  • The average score is 10 of 20

Answer Stats

WordLetterCountry% Correct
CraneFFrance
94%
RococoMMorocco
87%
HangAGhana
76%
RingENiger
73%
AlongAAngola
70%
SandUSudan
67%
GoatNTonga
67%
BangOGabon
63%
HauntBBhutan
55%
VitalALatvia
55%
AerialGAlgeria
45%
RankedMDenmark
45%
BearsISerbia
43%
HostelOLesotho
39%
MarinaORomania
39%
RemainsUSuriname
34%
DenialCIceland
24%
TiarasUAustria
23%
EvasionLSlovenia
22%
GardenAGrenada
21%

Score Distribution

Percentile by Number Answered

Percent of People with Each Score

Your Score History

You have not taken this quiz